| 000 | 00000nam 2200000zi 4500 |
| 001 | 9.941581 |
| 003 | CaOODSP |
| 005 | 20250122143106 |
| 006 | m o d f |
| 007 | cr cn||||||||| |
| 008 | 240807e20240426quc ob f000 0 eng d |
| 020 | |a9780660730578|q(evaluation report) |
| 020 | |a9780660730592|q(summary) |
| 040 | |aCaOODSP|beng|erda|cCaOODSP |
| 043 | |an-cn--- |
| 086 | 1 |aCH7-73/1-2024E-PDF |
| 086 | 1 |aCH7-73/2-2024E-PDF |
| 245 | 00|aEvaluation of the Local Journalism Initiative 2019-20 to 2021-22. |
| 264 | 1|a[Gatineau, Quebec] : |bCanadian Heritage = Patrimoine canadien, |cApril 26, 2024. |
| 264 | 4|c©2024 |
| 300 | |a1 online resource (ii, vi, 40 pages) + |esummary (2 unnumbered pages) |
| 336 | |atext|btxt|2rdacontent |
| 337 | |acomputer|bc|2rdamedia |
| 338 | |aonline resource|bcr|2rdacarrier |
| 500 | |aIssued also in French under title: Évaluation de l'Initiative de journalisme local 2019-2020 à 2021-2022. |
| 504 | |aIncludes bibliographical references. |
| 520 | |a"This document contains the final report of the evaluation of the Local Journalism Initiative (LJI). The LJI supports the creation of original civic journalism to address the diverse needs of underserved communities across Canada. To preserve the independence of the press, seven not-for-profit organizations representing different segments of the news industry administer the Initiative, which in turn fund a range of Canadian media organizations"--Executive summary, page iv. |
| 610 | 10|aCanada. |bCanadian Heritage|xEvaluation. |
| 650 | 0|aJournalism|zCanada|xFinance. |
| 650 | 0|aPress|xEconomic aspects|zCanada. |
| 710 | 1 |aCanada. |bCanadian Heritage. |bEvaluation Services, |eissuing body. |
| 775 | 08|tÉvaluation de l'Initiative de journalisme local, 2019-2020 à 2021-2022.|w(CaOODSP)9.941580 |
| 856 | 40|qPDF|s980 KB|uhttps://publications.gc.ca/collections/collection_2025/pch/CH7-73-1-2024-eng.pdf|zReport |
| 856 | 40|qPDF|s1.74 MB|uhttps://publications.gc.ca/collections/collection_2025/pch/CH7-73-2-2024-eng.pdf|zSummary |
| 856 | 4 |qHTML|sN/A|uhttps://www.canada.ca/en/canadian-heritage/corporate/publications/evaluations/evaluation-local-journalism-2022.html|zReport |
| 856 | 4 |qHTML|sN/A|uhttps://www.canada.ca/en/canadian-heritage/corporate/publications/evaluations/evaluation-local-journalism-2022/summary.html|zSummary |